Statistics for Countries of Africa in Last Two Letter Order

Click here to take the quiz!

General Stats

  • This quiz has been taken 89 times
  • The average score is 38 of 54

Answer Stats

Answer% Correct
Chad
97%
Egypt
88%
Niger
88%
Burundi
87%
Algeria
83%
Dem Rep Congo
83%
Eritrea
80%
Malawi
80%
Senegal
80%
Sudan
80%
Zimbabwe
80%
Guinea-Bissau
78%
Lesotho
78%
Morocco
78%
Rep of the Congo
78%
Togo
78%
Guinea
77%
Kenya
77%
South Sudan
77%
Zambia
75%
Angola
73%
Djibouti
73%
Equatorial Guinea
72%
South Africa
72%
Tunisia
72%
Comoros
70%
Nigeria
68%
Rwanda
68%
Gabon
67%
Libya
67%
Madagascar
67%
Somalia
67%
Swaziland
67%
Tanzania
67%
Benin
65%
Ethiopia
65%
Mozambique
65%
Mauritius
63%
Namibia
63%
Uganda
63%
Botswana
62%
Cabo Verde
62%
Central African
Republic
62%
Mali
62%
Burkina Faso
60%
Cameroon
60%
Gambia
60%
Seychelles
60%
Ghana
58%
Mauritania
58%
Liberia
55%
Sierra Leone
55%
São Tomé
and Príncipe
52%
Côte d'Ivoire
45%

Score Distribution

Percentile by Number Answered

Percent of People with Each Score

Your Score History

You have not taken this quiz